| 000 | 01640cam a22002413a 4500 | ||
|---|---|---|---|
| 001 | 7535 | ||
| 003 | PGUSA | ||
| 005 | 20140828083146.0 | ||
| 008 | 050201s2005||||xxu|||||s|||||000 | eng d | ||
| 040 |
_aPGUSA _beng |
||
| 042 | _adc | ||
| 050 | 4 | _aPR | |
| 245 | 1 | 2 |
_aA Book of Old Ballads — Complete _h[electronic resource] |
| 260 |
_bProject Gutenberg, _c2005 |
||
| 505 | 0 | _aForeword -- Mandalay -- The frolicksome duke -- The knight and shepherd's daughter -- King Estmere -- King John and the Abbot of Canterbury -- Barbara Allen's Cruelty -- Fair Rosamond -- Robin Hood and Guy of Gisborne -- The boy and the mantle -- The heir of Linne -- King Cophetua and the beggar maid -- Sir Andrew Barton -- May Collin -- The blind beggar's daughter of Bednall Green -- Thomas the rhymer -- Young Beichan -- Brave Lord Willoughbey -- The Spanish lady's love -- The friar of orders gray -- Clerk Colvill -- Sir Aldingar -- Edom O' Gordon -- Chevy Chace -- Sir Lancelot du Lake -- Gil Morrice -- The Child of Elle -- Child Waters -- King Edward IV and the tanner of Tamworth -- Sir Patrick Spens -- The Earl of Mar's daughter -- Edward, Edward -- King Leir and his three daughters -- Hynd Horn -- John Brown's body -- Tipperary -- The bailiff's daughter of Islington -- The three ravens -- The gaberlunzie man -- The wife of Usher's Well -- The lye -- The ballad of Reading Gaol. | |
| 506 | _aPublic domain in the USA. | ||
| 516 | _aElectronic text | ||
| 653 | _aBallads, English -- Texts | ||
| 700 | 1 |
_aNichols, Beverley, _d1898-1983 |
|
| 830 | 0 |
_aProject Gutenberg _v7535 |
|
| 856 | 4 | 0 | _uhttp://www.gutenberg.org/ebooks/7535 |
| 942 | _cEB | ||
| 999 |
_c236855 _d236855 |
||